000 03669cam a2200397 i 4500
001 on1085635419
003 OCoLC
005 20220324123458.0
008 181130s2017 txua b 000 0 eng
010 _a 2018303708
020 _a9781946885142
_q(trade paper)
020 _a1946885142
029 1 _aAU@
_b000065715335
035 _a(OCoLC)1085635419
040 _aDLC
_beng
_erda
_cDLC
_dOCLCO
_dTXDRI
_dOCLCF
_dDLC
_dOCLCQ
042 _apcc
049 _aTZAA
050 0 0 _aJC571
_b.P47 2017
082 0 0 _a330
_223
100 0 _aPeter Joseph,
_d1978-
_eauthor.
245 1 4 _aThe new human rights movement :
_breinventing the economy to end oppression /
_cPeter Joseph.
250 _aFirst paperback edition 2018.
300 _axxi, 423 pages :
_billustrations ;
_c23 cm
500 _a"Distributed to te trade by Two Rivers Distribution, an Ingram brand"--Title page verso.
504 _aIncludes bibliographical references.
505 0 _aSystem-bound : realizing relationships -- Beyond the pale : our social mythology -- Structural bigotry : the economics of oppression -- Public health : spectrum of disorder -- Designing out : where we go from here -- Appendix A: Post-scarcity potentials -- Appendix B: Economic calculation and broad system conception.
520 _aSociety is broken. We can design our way to a better one. In our increasingly interconnected world, self-interest and social-interest are rapidly becoming indistinguishable. If the oceans die, if society fractures, or if global warming spirals out of control, personal success becomes meaningless. But our broken system incentivizes behavior that only makes these problems worse. If true human rights progress is to be achieved today, it is time we dig deeper-rethinking the very foundation of our social system. In this engaging, important work, Peter Joseph, founder of the world's largest grassroots social movement in the world-The Zeitgeist Movement-draws from economics, history, philosophy, and modern public-health research to present a bold case for rethinking activism in the 21st century. The conventional wisdom views poverty, social oppression, and the growing loss of public health as unfortunate and immutable side effects of our way of life. The New Human Rights Movement argues that these outcomes are, in fact, contrived-only natural to our outdated economic system. Social activists can never succeed in dramatically improving human life on this planet until they understand the structural reasons these problems exist. Arguing against the long-standing narrative of universal scarcity and other pervasive, legitimizing myths that defend the current state of affairs, The New Human Rights Movement ultimately presents the case for an updated economic approach. Joseph explores the potential of this grand social shift and how we can design our way to a post-scarcity world-a world where poverty doesn't exist and the human family has become truly sustainable. The New Human Rights Movement reveals the critical importance of a unified activism in this direction, through understanding and working to alter the inherent injustice of our current social system. This book not only warns against what is in store if we continue to ignore our broken society but also reveals the positive future possible if we succeed. Will you join the movement?
650 0 _aHuman rights movements.
650 0 _aHuman rights
_xEconomic aspects.
650 0 _aBusiness and politics.
650 7 _aBusiness and politics.
_2fast
650 7 _aHuman rights
_xEconomic aspects.
_2fast
650 7 _aHuman rights movements.
_2fast
655 4 _aNON - FICTION.
942 _2lcc
_cBOOK
999 _c6657
_d6657